[Event "OLSW 1718 SC Caissa Schwarzenbach - SV"]
[Site "?"]
[Date "2018.04.15"]
[Round "11.5"]
[White "Helbig, Daniel"]
[Black "Grewenig, Jan"]
[Result "1-0"]
[WhiteElo "2179"]
[BlackElo "2138"]
[PlyCount "75"]
[EventDate "2018.??.??"]

1. Nf3 c5 2. g3 Nc6 3. Bg2 Nf6 4. d3 d5 5. O-O g6 6. Nbd2 Bg7 7. e4 O-O 8. Re1
e5 9. exd5 Nxd5 10. Nc4 Re8 11. c3 f6 12. d4 cxd4 13. Nxd4 Re7 14. Nxc6 bxc6
15. Be3 Ba6 16. Qa4 Bb5 17. Qb3 Rb8 18. Bc5 Rd7 19. Rad1 Ba6 20. Qa4 Bb5 21.
Qb3 Ba6 22. Bb4 Kh8 23. Na5 Bb7 24. Nxb7 Rbxb7 25. Qa4 Qc8 26. Ba3 f5 27. Qc4
Rb8 28. Qc5 Rb5 29. Qc4 Rb8 30. Qa4 Rbb7 31. Qc4 Rb8 32. Qe2 Qb7 33. c4 Nf6 34.
Qxe5 Rxd1 35. Rxd1 Ng4 36. Qe2 h5 37. b3 Qf7 38. Bxc6 1-0

[Event "OLSW 1718 SC Caissa Schwarzenbach - SV"]
[Site "?"]
[Date "2018.04.15"]
[Round "11.6"]
[White "Gress, Alexander"]
[Black "Dauenheimer, Torsten"]
[Result "1-0"]
[WhiteElo "2137"]
[BlackElo "2189"]
[PlyCount "49"]
[EventDate "2018.??.??"]

1. e4 e6 2. d4 d5 3. Nc3 Bb4 4. a3 Bxc3+ 5. bxc3 dxe4 6. Qg4 Nf6 7. Qxg7 Rg8 8.
Qh6 Nbd7 9. Bg5 Rg6 10. Qh4 c5 11. Ne2 Qa5 12. Bd2 h5 13. h3 b6 14. Nf4 Rg8 15.
d5 exd5 16. Nxd5 e3 17. Nxf6+ Nxf6 18. fxe3 Nd5 19. Bc4 Be6 20. e4 Ne3 21. Bb5+
Qxb5 22. Bxe3 Rxg2 23. Qxh5 O-O-O 24. Rd1 Rxc2 25. Rxd8+ 1-0

[Event "OLSW 1718 SC Caissa Schwarzenbach - SV"]
[Site "?"]
[Date "2018.04.15"]
[Round "11.7"]
[White "Martin, Mike"]
[Black "Buermann, Jan"]
[Result "1-0"]
[WhiteElo "2150"]
[BlackElo "2101"]
[PlyCount "61"]
[EventDate "2018.??.??"]

1. e4 c5 2. Nf3 Nc6 3. c3 Nf6 4. e5 Nd5 5. Bc4 Nb6 6. Bb3 d5 7. exd6 Qxd6 8.
O-O e6 9. d4 Be7 10. dxc5 Qxd1 11. Rxd1 Nd7 12. Na3 Nxc5 13. Nb5 O-O 14. Bc2
Rd8 15. Bf4 f6 16. Nc7 Rb8 17. b4 Rxd1+ 18. Rxd1 e5 19. Be3 Ne6 20. Bb3 Kf7 21.
b5 Na5 22. Bxa7 Nxb3 23. Bxb8 Nbc5 24. Nd5 Ne4 25. Nd2 N6c5 26. Nxe4 Nxe4 27.
Nxe7 Kxe7 28. Rc1 Be6 29. c4 Nd6 30. Bxd6+ Kxd6 31. c5+ 1-0

[Event "OLSW 1718 SC Caissa Schwarzenbach - SV"]
[Site "?"]
[Date "2018.04.15"]
[Round "11.8"]
[White "Scheuermann, Gerhard"]
[Black "Tchilingiri, Vladimir"]
[Result "0-1"]
[WhiteElo "2138"]
[BlackElo "1969"]
[PlyCount "120"]
[EventDate "2018.??.??"]

1. e4 e5 2. f4 Nc6 3. Nf3 exf4 4. d4 g5 5. Bc4 Bg7 6. O-O d6 7. c3 h6 8. g3 Bh3
9. Rf2 Nf6 10. gxf4 Nxe4 11. Re2 O-O 12. Nbd2 Nxd2 13. Bxd2 Qf6 14. Kh1 Rae8
15. Qe1 Bd7 16. Qf2 Rxe2 17. Bxe2 g4 18. Nh4 Re8 19. Re1 h5 20. Bd3 Rxe1+ 21.
Qxe1 Qe7 22. Qf2 Qf6 23. Qe1 Ne7 24. Kg1 Qe6 25. Qe4 Qxe4 26. Bxe4 Bf6 27. Ng2
d5 28. Bd3 Bf5 29. Ne1 Kf8 30. Be2 Ng6 31. Nd3 Ke8 32. Nc5 b6 33. Nd3 Be7 34.
Ne5 Bd6 35. Bb5+ Kf8 36. Bc6 Ne7 37. Bb7 a5 38. b3 f6 39. Nc6 Ng6 40. Na7 Bxf4
41. Bxf4 Nxf4 42. Nb5 c5 43. Kf2 cxd4 44. Nxd4 Bb1 45. Ke3 Ng6 46. a4 f5 47.
Ne6+ Ke7 48. Bxd5 Kd6 49. c4 Ke5 50. Kf2 Bc2 51. Nc7 Bxb3 52. Na8 Bxa4 53. Nxb6
Bb3 54. Ke3 f4+ 55. Kd3 f3 56. Bf7 Nf4+ 57. Ke3 a4 58. Nd7+ Kd6 59. Nf6 Ke7 60.
Kxf4 Kxf6 0-1

[Event "OLSW 1718 SG Trier - SC Heimbach-Weis N"]
[Site "?"]
[Date "2018.04.15"]
[Round "11.1"]
[White "Winterberg, Lukas"]
[Black "Barzen, Pascal"]
[Result "0-1"]
[WhiteElo "2388"]
[BlackElo "2303"]
[PlyCount "104"]
[EventDate "2018.??.??"]

1. c4 Nf6 2. Nc3 e6 3. e4 d5 4. e5 d4 5. exf6 dxc3 6. bxc3 Qxf6 7. d4 Nc6 8.
Nf3 e5 9. Bg5 Qg6 10. d5 Nb8 11. h4 h6 12. h5 Qb6 13. Be3 Qa5 14. Qd2 Bd6 15.
Rb1 b6 16. c5 bxc5 17. Rb5 Qa4 18. Rh4 e4 19. Qb2 Nd7 20. Nd2 f5 21. Rb3 c4 22.
Nxc4 Be7 23. Rf4 O-O 24. g4 Nc5 25. Rb5 Nb7 26. gxf5 Nd6 27. Rb4 Qe8 28. f6
Bxf6 29. Nxd6 cxd6 30. Bb5 Qxh5 31. Bc6 a5 32. Rb6 Ra7 33. Rb3 Raf7 34. Qe2
Qh1+ 35. Qf1 Bxc3+ 36. Rxc3 Qxf1+ 37. Kxf1 Rxf4 38. Bxf4 Rxf4 39. Kg2 h5 40.
Ra3 h4 41. Rxa5 h3+ 42. Kg1 Bf5 43. Ra8+ Kh7 44. Rf8 Rg4+ 45. Kh1 g6 46. Bd7
Kg7 47. Rd8 Rg2 48. f4 exf3 49. Bxf5 gxf5 50. Rb8 Re2 51. Rb1 f2 52. Rf1 Re1
0-1

[Event "OLSW 1718 SG Trier - SC Heimbach-Weis N"]
[Site "?"]
[Date "2018.04.15"]
[Round "11.4"]
[White "Carafizi, Vasile"]
[Black "Philipowski, Robert"]
[Result "1/2-1/2"]
[WhiteElo "2232"]
[BlackElo "2284"]
[PlyCount "88"]
[EventDate "2018.??.??"]

1. d4 d5 2. c4 c6 3. Nf3 Nf6 4. Nc3 e6 5. g3 Nbd7 6. Bg2 Bd6 7. Nd2 O-O 8. O-O
Re8 9. e4 dxe4 10. Ndxe4 Nxe4 11. Nxe4 Be7 12. Bf4 Nf6 13. Nc5 Bxc5 14. dxc5
Qxd1 15. Raxd1 e5 16. Bg5 Be6 17. b3 Nd7 18. Rfe1 Kf8 19. b4 f6 20. Be3 Rad8
21. b5 Nb8 22. Rc1 Bf7 23. f4 exf4 24. Bxf4 a6 25. Bd6+ Kg8 26. Bh3 axb5 27.
Bc7 Rxe1+ 28. Rxe1 Rf8 29. Bd6 Rd8 30. cxb5 cxb5 31. Re7 Nc6 32. Rxb7 Nd4 33.
a3 Bd5 34. Rb6 Re8 35. Bf1 Re1 36. Kf2 Ra1 37. Bxb5 Ra2+ 38. Ke3 Nf5+ 39. Kd3
Rxa3+ 40. Kd2 Nd4 41. Bd3 Nf3+ 42. Ke2 Ng1+ 43. Kd2 Nf3+ 44. Ke2 Ng1+ 1/2-1/2

[Event "OLSW 1718 SG Trier - SC Heimbach-Weis N"]
[Site "?"]
[Date "2018.04.15"]
[Round "11.6"]
[White "Hein, Ralf"]
[Black "Roos, Thomas"]
[Result "0-1"]
[WhiteElo "1911"]
[BlackElo "2212"]
[PlyCount "70"]
[EventDate "2018.??.??"]

1. Nf3 d6 2. g3 e5 3. d3 f5 4. Bg2 Nf6 5. O-O Be7 6. c4 O-O 7. Nc3 Qe8 8. b4
Qh5 9. a4 Kh8 10. a5 a6 11. b5 e4 12. Nd4 Ng4 13. h3 Ne5 14. Nd5 Bd8 15. f4
exf3 16. exf3 axb5 17. f4 Qxd1 18. Rxd1 c6 19. fxe5 dxe5 20. Ba3 Re8 21. Nb6
Bxb6 22. axb6 exd4 23. cxb5 cxb5 24. Bb2 Ra4 25. Re1 Rxa1 26. Rxa1 Na6 27. Bxd4
h6 28. Rc1 Kh7 29. Kf2 g5 30. Rxc8 Rxc8 31. Bxb7 Rd8 32. Bxa6 Rxd4 33. Bc8 Rd6
34. b7 Rb6 35. Bxf5+ Kg7 0-1

[Event "OLSW 1718 SG Trier - SC Heimbach-Weis N"]
[Site "?"]
[Date "2018.04.15"]
[Round "11.7"]
[White "Schaefer, Jochen"]
[Black "Magar, Johannes"]
[Result "0-1"]
[WhiteElo "2147"]
[BlackElo "2067"]
[PlyCount "138"]
[EventDate "2018.??.??"]

1. Nf3 e6 2. g3 f5 3. Bg2 Nf6 4. O-O Be7 5. d3 O-O 6. Nbd2 Nc6 7. e4 fxe4 8.
dxe4 e5 9. c3 Kh8 10. Qc2 d6 11. Nc4 Qe8 12. Ne3 Qh5 13. Re1 a5 14. Nd2 Ng4 15.
Nxg4 Bxg4 16. f3 Be6 17. Qd3 Rab8 18. Nf1 Bh3 19. Qe2 Rf7 20. g4 Qh4 21. Ng3
Bxg2 22. Kxg2 g6 23. Be3 Rbf8 24. Rf1 Nd8 25. Qc4 Bg5 26. Bg1 Bh6 27. Rad1 Qe7
28. Ne2 Ne6 29. b4 axb4 30. cxb4 Bf4 31. a4 Bg5 32. a5 Bh4 33. b5 Qd7 34. h3 h5
35. Be3 hxg4 36. fxg4 Rxf1 37. Rxf1 Rxf1 38. Kxf1 Qf7+ 39. Kg1 Qf3 40. Bc1 Qf2+
41. Kh1 Qf1+ 42. Kh2 Bg5 43. Qxe6 Qxe2+ 44. Kg1 Qe1+ 45. Kg2 Qxc1 46. Qxg6 Qd2+
47. Kf1 Qd1+ 48. Kg2 Qe2+ 49. Kg3 Qe3+ 50. Kg2 Qd2+ 51. Kg3 Qc1 52. a6 bxa6 53.
bxa6 Qg1+ 54. Kf3 Qf1+ 55. Kg3 Be3 56. Qe8+ Kg7 57. Qd7+ Qf7 58. Qxf7+ Kxf7 59.
g5 c6 60. Kg4 Bb6 61. h4 d5 62. exd5 cxd5 63. Kf3 Kg6 64. Ke2 Kf5 65. Kd2 e4
66. Ke2 d4 67. Kd2 d3 68. Kc3 Be3 69. Kb3 Bd4 0-1

[Event "OLSW 1718 SG Trier - SC Heimbach-Weis N"]
[Site "?"]
[Date "2018.04.15"]
[Round "11.8"]
[White "Scholtes, Benedikt"]
[Black "Jahn, Peter"]
[Result "1/2-1/2"]
[WhiteElo "2028"]
[BlackElo "2051"]
[PlyCount "32"]
[EventDate "2018.??.??"]

1. e4 e6 2. d4 d5 3. Nd2 dxe4 4. Nxe4 Nd7 5. Nf3 Ngf6 6. Ng3 c5 7. c3 Qc7 8.
Be2 b6 9. O-O Bb7 10. Re1 Be7 11. Bg5 O-O 12. Qd2 Rfd8 13. Rad1 h6 14. Bf4 Bd6
15. Bxd6 Qxd6 16. dxc5 Qxc5 1/2-1/2

[Event "OLSW 1718 SK Altenkirchen - Gambit Saar"]
[Site "?"]
[Date "2018.04.15"]
[Round "11.1"]
[White "Pucher, Sebastien"]
[Black "Bruehl, Andreas"]
[Result "1-0"]
[WhiteElo "2295"]
[BlackElo "2317"]
[PlyCount "93"]
[EventDate "2018.??.??"]

1. Nf3 d5 2. c4 c6 3. e3 Nf6 4. Nc3 e6 5. b3 Nbd7 6. Qc2 Bd6 7. Bb2 O-O 8. Be2
b6 9. Rg1 Bb7 10. g4 Qe7 11. g5 Ne8 12. h4 e5 13. O-O-O Ba3 14. Bxa3 Qxa3+ 15.
Kb1 Qe7 16. cxd5 cxd5 17. d4 Rc8 18. Qd2 e4 19. Nh2 Nd6 20. Ng4 a6 21. Rc1 Rc7
22. Na4 Rfc8 23. Rxc7 Rxc7 24. Rc1 Qd8 25. Rxc7 Qxc7 26. Ne5 Nxe5 27. dxe5 Nf5
28. Qb4 b5 29. Nc5 Nxh4 30. a4 Ng6 31. axb5 axb5 32. Qxb5 Bc6 33. Qa6 Nxe5 34.
b4 Nd7 35. Nxd7 Qxd7 36. b5 Bb7 37. Qa7 g6 38. Qb8+ Kg7 39. Qe5+ Kg8 40. Kb2
Qc8 41. Qe7 Ba8 42. b6 Bc6 43. Qc7 Qa8 44. Bb5 Bb7 45. Kb3 Qa5 46. Be8 Kh8 47.
Qxb7 1-0

[Event "OLSW 1718 SK Altenkirchen - Gambit Saar"]
[Site "?"]
[Date "2018.04.15"]
[Round "11.2"]
[White "Wagener, Claude"]
[Black "Micottis, Dorian"]
[Result "1/2-1/2"]
[WhiteElo "2274"]
[BlackElo "2277"]
[PlyCount "68"]
[EventDate "2018.??.??"]

1. e4 c5 2. Nf3 e6 3. Nc3 a6 4. d4 cxd4 5. Nxd4 Qc7 6. Bd3 Nc6 7. Nxc6 dxc6 8.
O-O e5 9. f4 Nf6 10. Kh1 Bc5 11. Qf3 h5 12. f5 b5 13. a4 Bb7 14. axb5 axb5 15.
Rxa8+ Bxa8 16. Bg5 Bb7 17. Bh4 Be7 18. Qg3 O-O 19. Bg5 Qd6 20. Qh4 g6 21. g4
hxg4 22. Nd1 c5 23. Bxf6 Qxf6 24. Qxg4 Qh4 25. Qxh4 Bxh4 26. Nc3 c4 27. Be2 Rd8
28. fxg6 fxg6 29. Bg4 Rd6 30. Kg2 Bc6 31. Rd1 Rxd1 32. Bxd1 Kf7 33. Bf3 Ke6 34.
b3 cxb3 1/2-1/2

[Event "OLSW 1718 SK Altenkirchen - Gambit Saar"]
[Site "?"]
[Date "2018.04.15"]
[Round "11.3"]
[White "Muller, Etienne"]
[Black "Heidorn, Oliver"]
[Result "0-1"]
[WhiteElo "2144"]
[BlackElo "2117"]
[PlyCount "52"]
[EventDate "2018.??.??"]

1. e4 e5 2. Nf3 Nf6 3. d4 Nxe4 4. Bd3 d5 5. Nxe5 Nd7 6. Nxd7 Bxd7 7. O-O Bd6 8.
c4 c6 9. Nc3 O-O 10. cxd5 Nxc3 11. bxc3 Qh4 12. g3 Qh3 13. Be4 Rfe8 14. Bg2 Qf5
15. dxc6 Bxc6 16. Be3 h5 17. d5 Bb5 18. Re1 h4 19. Bxa7 Rxe1+ 20. Qxe1 Re8 21.
Qb1 Bd3 22. Qxb7 h3 23. Bh1 Qe5 24. Be3 Qxc3 25. Rd1 Bc2 26. Bd2 Qxd2 0-1

[Event "OLSW 1718 SK Altenkirchen - Gambit Saar"]
[Site "?"]
[Date "2018.04.15"]
[Round "11.4"]
[White "Telke, Holger"]
[Black "Erhardt, Michael"]
[Result "0-1"]
[WhiteElo "2094"]
[BlackElo "2100"]
[PlyCount "80"]
[EventDate "2018.??.??"]

1. d4 d5 2. Nf3 Nf6 3. e3 Bg4 4. c4 c6 5. Qb3 Qb6 6. Ne5 Bf5 7. Nc3 e6 8. c5
Qxb3 9. axb3 Nbd7 10. Nxd7 Nxd7 11. b4 a6 12. b5 cxb5 13. Bxb5 O-O-O 14. Be2
Be7 15. Bd2 Nb8 16. b4 Nc6 17. Na4 Bf6 18. Nb6+ Kc7 19. f4 h5 20. Ra3 Be4 21.
O-O Rdg8 22. Bxa6 bxa6 23. Rxa6 Bd3 24. Rfa1 Bxa6 25. Rxa6 Kb7 26. b5 Nxd4 27.
Nd7 Nxb5 28. Rb6+ Kc7 29. Nxf6 gxf6 30. Rxb5 Rb8 31. Rxb8 Rxb8 32. Bc3 Kc6 33.
Bxf6 Kxc5 34. h4 Kc4 35. g4 Rg8 36. Bg5 hxg4 37. h5 Rh8 38. h6 Kd3 39. Kf2 Ke4
40. Kg3 Kf5 0-1

[Event "OLSW 1718 SK Altenkirchen - Gambit Saar"]
[Site "?"]
[Date "2018.04.15"]
[Round "11.5"]
[White "Gross, Georg"]
[Black "Kaster, Martin"]
[Result "1-0"]
[WhiteElo "2244"]
[BlackElo "2122"]
[PlyCount "81"]
[EventDate "2018.??.??"]

1. d4 f5 2. g3 Nf6 3. Bg2 e6 4. Nf3 Be7 5. O-O O-O 6. b3 Ne4 7. Nfd2 d5 8. Nxe4
fxe4 9. f3 exf3 10. exf3 Bf6 11. Ba3 Re8 12. f4 Na6 13. c3 Bd7 14. b4 c6 15.
Nd2 Nc7 16. Nf3 a5 17. bxa5 Rxa5 18. Bb4 Ra8 19. a4 Na6 20. Bd6 Qa5 21. Ne5
Red8 22. Qb3 Bc8 23. Ba3 c5 24. Rfc1 Rb8 25. Qb5 Qc7 26. Rab1 Bxe5 27. fxe5 Bd7
28. Qb6 Rdc8 29. a5 Qc6 30. Bf1 Qxb6 31. Rxb6 cxd4 32. cxd4 Rxc1 33. Bxc1 Rc8
34. Ba3 Bc6 35. Bxa6 bxa6 36. Rxa6 Kf7 37. Bc5 h5 38. Rb6 Ke8 39. a6 Kd7 40.
Bd6 Ba8 41. Rb7+ 1-0

[Event "OLSW 1718 SK Altenkirchen - Gambit Saar"]
[Site "?"]
[Date "2018.04.15"]
[Round "11.6"]
[White "Schmidt, Reiner"]
[Black "Forthoffer, Patrick"]
[Result "0-1"]
[WhiteElo "2184"]
[BlackElo "2196"]
[PlyCount "74"]
[EventDate "2018.??.??"]

1. e4 d6 2. d4 Nf6 3. Nc3 Nc6 4. Nf3 g6 5. Bg5 Bg7 6. Qd2 Bg4 7. O-O-O a6 8.
Be2 O-O 9. Bh6 e5 10. Bxg7 Kxg7 11. dxe5 dxe5 12. Qe3 Qe8 13. h3 Bxf3 14. Bxf3
Nd4 15. g4 Rd8 16. h4 c6 17. h5 Qe7 18. hxg6 fxg6 19. g5 Nd7 20. Bg4 Nc5 21.
Ne2 Nxe2+ 22. Bxe2 Ne6 23. Rhg1 Rxd1+ 24. Bxd1 Rd8 25. c3 Nf4 26. Be2 Rd7 27.
Kc2 c5 28. Rd1 Rxd1 29. Bxd1 b6 30. Be2 a5 31. Bf1 Qxg5 32. b4 Qe7 33. bxa5
bxa5 34. Qd2 h5 35. c4 h4 36. Qxa5 h3 37. Qa3 h2 0-1

[Event "OLSW 1718 SK Altenkirchen - Gambit Saar"]
[Site "?"]
[Date "2018.04.15"]
[Round "11.7"]
[White "Haenssel, Christian"]
[Black "Hoffmann, Thomas"]
[Result "1-0"]
[WhiteElo "2099"]
[BlackElo "2032"]
[PlyCount "93"]
[EventDate "2018.??.??"]

1. c4 c6 2. g3 d5 3. Nf3 Nf6 4. Bg2 g6 5. b3 Bg7 6. Bb2 Qb6 7. Qc1 O-O 8. O-O
Bg4 9. d4 Ne4 10. Nbd2 Nxd2 11. Qxd2 Nd7 12. cxd5 cxd5 13. Rac1 Bxf3 14. Bxf3
e6 15. Rc2 Rfc8 16. Rfc1 Qd8 17. e3 Nb6 18. Qa5 Rxc2 19. Rxc2 Bf8 20. Ba3 Bxa3
21. Qxa3 Rc8 22. Rc5 a6 23. Qa5 Na8 24. Qxd8+ Rxd8 25. e4 Nb6 26. Rc7 Rd7 27.
Rxd7 Nxd7 28. exd5 e5 29. d6 exd4 30. Bxb7 Nc5 31. Bxa6 Kf8 32. Bb5 Ne4 33. Kf1
Nxd6 34. a4 Ke7 35. Ke2 Ke6 36. Kd3 Kd5 37. Bc4+ Kc5 38. a5 f6 39. a6 Nc8 40.
Bg8 h6 41. Bh7 g5 42. Bf5 Na7 43. Be6 Nc6 44. Bc4 Ne5+ 45. Ke4 Nc6 46. f4 Kb4
47. Kd5 1-0

[Event "OLSW 1718 SK Altenkirchen - Gambit Saar"]
[Site "?"]
[Date "2018.04.15"]
[Round "11.8"]
[White "Schmerda, Ingo"]
[Black "Dr. Vogel, Christian"]
[Result "0-1"]
[WhiteElo "1910"]
[BlackElo "2188"]
[PlyCount "130"]
[EventDate "2018.??.??"]

1. d4 d6 2. c4 f5 3. Nc3 Nf6 4. g3 g6 5. Bg2 Bg7 6. Nf3 O-O 7. O-O Qe8 8. Qb3
c6 9. Bf4 Nh5 10. Bd2 Na6 11. e4 f4 12. e5 Rb8 13. Rae1 dxe5 14. Nxe5 Qd8 15.
c5+ e6 16. Qc4 Nc7 17. g4 Bxe5 18. Rxe5 Nf6 19. Bf3 Ncd5 20. Rfe1 Kh8 21. Qe2
h6 22. Ne4 Nh7 23. Qd3 Bd7 24. Bd1 Qh4 25. Nd6 Ng5 26. Bf3 h5 27. Rxg5 Qxg5 28.
Re5 Qf6 29. gxh5 Rg8 30. Kh1 g5 31. Bg4 Rbf8 32. Qe4 Qh6 33. Bxe6 Nf6 34. Qe2
Bxe6 35. Rxe6 Qh7 36. Qe5 Qxh5 37. Rxf6 Qd1+ 38. Be1 Rxf6 39. Qxf6+ Kh7 40.
Qf5+ Rg6 41. Qf7+ Rg7 42. Qf5+ Rg6 43. Qe4 Kh6 44. Nf5+ Kh5 45. Kg2 Qg4+ 46.
Kh1 Qh3 47. Kg1 Rf6 48. Qe8+ Kg4 49. Nd6 f3 50. Qd7+ Kh4 51. Qxh3+ Kxh3 52.
Nxb7 Rf4 53. Nd6 Rxd4 54. Nf5 Rd5 55. Ng3 Rxc5 56. Bc3 Rd5 57. a3 Rd1+ 58. Nf1
Kg4 59. Bd2 Kf5 60. h3 Kg6 61. Be3 a6 62. Bd2 Kh5 63. Bc3 Kh4 64. Bf6 Kxh3 65.
Bxg5 Kg4 0-1

[Event "OLSW 1718 SG Turm Illingen - SK Gau-Alg"]
[Site "?"]
[Date "2018.04.15"]
[Round "11.1"]
[White "Ovsejevitsch, Sergei"]
[Black "Mayer, Frank"]
[Result "1-0"]
[WhiteElo "2603"]
[BlackElo "2318"]
[PlyCount "91"]
[EventDate "2018.??.??"]

1. e4 e6 2. Qe2 c5 3. b3 Nc6 4. Bb2 Nf6 5. e5 Nd5 6. Nf3 d6 7. exd6 f6 8. Nc3
Nxc3 9. dxc3 Bxd6 10. O-O-O Qc7 11. Qe4 O-O 12. Bd3 f5 13. Qe2 Bd7 14. Bb5 Rae8
15. Qd3 Bf4+ 16. Kb1 Re7 17. Rhe1 a6 18. Bc4 Bc8 19. g3 Ne5 20. Nxe5 Bxe5 21.
f4 Bf6 22. Qxf5 Qc6 23. Qe4 Qxe4 24. Rxe4 b5 25. Be2 e5 26. c4 exf4 27. Rxe7
Bxe7 28. gxf4 b4 29. Be5 Kf7 30. Bf3 g5 31. Bh5+ Kg8 32. Rg1 h6 33. h4 Kh7 34.
hxg5 hxg5 35. fxg5 Rf5 36. Bf6 Bxf6 37. gxf6 Rxf6 38. Bg4 Bb7 39. Be2 Kh6 40.
Bd3 Bc8 41. Rg8 Bf5 42. Bxf5 Rxf5 43. Ra8 Kg6 44. Rxa6+ Kf7 45. Rd6 Ke7 46. Rd2
1-0

[Event "OLSW 1718 SG Turm Illingen - SK Gau-Alg"]
[Site "?"]
[Date "2018.04.15"]
[Round "11.2"]
[White "Klein, Joachim"]
[Black "Kling, Felix"]
[Result "1/2-1/2"]
[WhiteElo "2151"]
[BlackElo "2183"]
[PlyCount "71"]
[EventDate "2018.??.??"]

1. d4 d5 2. Bf4 c5 3. e3 cxd4 4. exd4 Nc6 5. c3 Bf5 6. Nf3 e6 7. Qb3 Qd7 8. Ne5
Nxe5 9. Bxe5 Ne7 10. Nd2 Nc6 11. Bg3 h5 12. Nf3 f6 13. Qd1 g5 14. h3 Bd6 15.
Bxd6 Qxd6 16. Bd3 Bxd3 17. Qxd3 O-O-O 18. O-O-O Kb8 19. g3 h4 20. gxh4 gxh4 21.
Rhg1 e5 22. Qe3 e4 23. Ne1 Ne7 24. Ng2 Ng6 25. f3 f5 26. fxe4 fxe4 27. Rdf1
Rdf8 28. Qg5 Rf3 29. Ne3 Rxf1+ 30. Rxf1 Qg3 31. Ng4 Rc8 32. Qxg6 Rxc3+ 33. bxc3
Qxc3+ 34. Kd1 Qd3+ 35. Ke1 Qb1+ 36. Ke2 1/2-1/2

[Event "OLSW 1718 SG Turm Illingen - SK Gau-Alg"]
[Site "?"]
[Date "2018.04.15"]
[Round "11.3"]
[White "Michels, Achim"]
[Black "Giese, Tilman"]
[Result "1/2-1/2"]
[WhiteElo "2174"]
[BlackElo "2043"]
[PlyCount "76"]
[EventDate "2018.??.??"]

1. d4 d5 2. c4 c6 3. Nf3 Nf6 4. e3 g6 5. Bd3 Bg7 6. O-O O-O 7. Qc2 Na6 8. a3
Qc7 9. b4 b6 10. Bb2 Bb7 11. Nbd2 Rac8 12. Rac1 Qd7 13. Ne5 Qe6 14. Qa4 c5 15.
b5 Nb8 16. Qxa7 cxd4 17. Qxb7 Qxe5 18. Qxb6 Ng4 19. Nf3 Qh5 20. exd4 Nd7 21.
Qb7 Nc5 22. dxc5 Bxb2 23. h3 Nf6 24. Rc2 Bxa3 25. Qxe7 Kg7 26. Nd4 Rfe8 27.
Ne6+ Kg8 28. Qxf6 Rxe6 29. Qd4 dxc4 30. Bxc4 Rxc5 31. Bxe6 Rxc2 32. Bb3 Rb2 33.
Qc4 Qf5 34. b6 Bd6 35. b7 Qf4 36. Qc8+ Kg7 37. Qc3+ Qe5 38. Qxe5+ Bxe5 1/2-1/2

[Event "OLSW 1718 SG Turm Illingen - SK Gau-Alg"]
[Site "?"]
[Date "2018.04.15"]
[Round "11.4"]
[White "Biehler, Thomas"]
[Black "Karsay, Pascal"]
[Result "1/2-1/2"]
[WhiteElo "2210"]
[BlackElo "2148"]
[PlyCount "68"]
[EventDate "2018.??.??"]

1. c4 b6 2. Nf3 Bb7 3. g3 e6 4. Bg2 Nf6 5. O-O Be7 6. b3 O-O 7. Bb2 c5 8. Nc3
d6 9. e3 Nbd7 10. Qe2 a6 11. Ne1 Bxg2 12. Nxg2 Qc7 13. f4 d5 14. d3 Qb7 15.
cxd5 Nxd5 16. Nxd5 Qxd5 17. e4 Qd6 18. e5 Qc6 19. f5 exf5 20. Ne3 g6 21. Rae1
Rae8 22. g4 fxg4 23. Nxg4 Qe6 24. Rf4 h5 25. Nf2 Bf6 26. d4 cxd4 27. Bxd4 b5
28. Re4 Bg7 29. Nd3 Rc8 30. Nf4 Qf5 31. e6 Bxd4+ 32. Rxd4 fxe6 33. Qxe6+ Qxe6
34. Rxe6 Nc5 1/2-1/2

[Event "OLSW 1718 SG Turm Illingen - SK Gau-Alg"]
[Site "?"]
[Date "2018.04.15"]
[Round "11.5"]
[White "Brueckner, Eike"]
[Black "Schmidt, Johannes"]
[Result "1-0"]
[WhiteElo "2066"]
[BlackElo "2139"]
[PlyCount "85"]
[EventDate "2018.??.??"]

1. Nf3 d5 2. g3 Nf6 3. Bg2 c6 4. b3 Bf5 5. Bb2 e6 6. O-O Be7 7. d3 h6 8. Nbd2
O-O 9. Re1 a5 10. a4 Bh7 11. e4 dxe4 12. dxe4 Na6 13. Qe2 Nc5 14. Rad1 Qb8 15.
Ne5 Rd8 16. f3 Nfd7 17. Ng4 b5 18. axb5 cxb5 19. Bf1 Qa7 20. Bd4 Rdb8 21. f4
Qc7 22. Bg2 Bf8 23. f5 Ra6 24. Nxh6+ Kh8 25. Nxf7+ Kg8 26. Ng5 e5 27. Ba1 Nf6
28. Ndf3 Ncd7 29. Ne6 Qb6+ 30. Kh1 Ng4 31. Rd2 Nc5 32. Nxf8 Rxf8 33. Ng5 Nf6
34. Red1 Qb8 35. Qe3 Rc6 36. h3 a4 37. bxa4 Nxa4 38. Bf1 Rfc8 39. Qb3+ Kh8 40.
Nf7+ Kg8 41. Rd8+ Ne8 42. Rxc8 Rxc8 43. Nd6+ 1-0

[Event "OLSW 1718 SG Turm Illingen - SK Gau-Alg"]
[Site "?"]
[Date "2018.04.15"]
[Round "11.6"]
[White "Kessler, Alexander"]
[Black "Frede, Lennart"]
[Result "1/2-1/2"]
[WhiteElo "1848"]
[BlackElo "2164"]
[PlyCount "75"]
[EventDate "2018.??.??"]

1. d4 Nf6 2. c3 d5 3. Bf4 Bf5 4. e3 e6 5. h3 Bd6 6. Bxd6 Qxd6 7. Nf3 O-O 8. Bd3
Ne4 9. Nh4 Nd7 10. Nxf5 exf5 11. O-O Rfe8 12. Nd2 Ndf6 13. Nf3 f4 14. exf4 Qxf4
15. Qc1 Qd6 16. Qc2 Re7 17. Rfe1 Rae8 18. Re2 h6 19. Rae1 Kf8 20. Qc1 Nd7 21.
Nd2 Ng5 22. Rxe7 Rxe7 23. Rxe7 Qxe7 24. Qd1 Nf6 25. Nf3 Nxf3+ 26. Qxf3 Qe1+ 27.
Kh2 Qd2 28. Qe2 Qf4+ 29. g3 Qc1 30. Kg2 c6 31. f3 g6 32. g4 Kg7 33. h4 Nd7 34.
Kg3 Qg1+ 35. Kh3 Qh1+ 36. Kg3 Qg1+ 37. Kh3 Qh1+ 38. Kg3 1/2-1/2

[Event "OLSW 1718 SG Turm Illingen - SK Gau-Alg"]
[Site "?"]
[Date "2018.04.15"]
[Round "11.8"]
[White "Hauer, Andreas"]
[Black "Dillmann, Markus"]
[Result "1/2-1/2"]
[WhiteElo "1937"]
[BlackElo "2109"]
[PlyCount "47"]
[EventDate "2018.??.??"]

1. c4 e5 2. Nc3 Nc6 3. Nf3 Nf6 4. d4 exd4 5. Nxd4 Bc5 6. Nxc6 bxc6 7. g3 d5 8.
Bg2 Be6 9. O-O O-O 10. Qc2 Qe7 11. Na4 dxc4 12. Bxc6 Rad8 13. Nxc5 Qxc5 14. Bg2
Nd5 15. Bd2 Rfe8 16. a3 Bg4 17. e4 Nf6 18. Be3 Qb5 19. f3 Rd3 20. Qf2 Qb3 21.
Bd4 Be6 22. Rfe1 Rd8 23. Bc3 Qb6 24. Re2 1/2-1/2